000 00968nam0a22002651 4500
001 rc\2774049
005 20250806204609.0
035 _a(NLR Aleph) 006900368
090 _a29240
_c29240
100 _a20110915d1941 u y0rusy50 ca
101 0 _arus
102 _aRU
105 _aa z |||||
200 1 _aПроектирование агрегатной сборки самолета при плазово-шаблонном методе производства
_fЕ. И. Сухоцкий
_gОргавиапром НКАП СССР
210 _aМосква
_cОборонгиз
_d1941
215 _a264 с., 1 вкл. л. схем.
_cил., черт.
_d23 см.
320 _aБиблиогр.: с. 263
700 1 _aСухоцкий
_bЕ.И.
801 0 _aRU
_bNLR
_gpsbo
801 1 _aRU
_bELAR
_2rusmarc
852 _aNLR
_jТ92 Г-5/8
942 _cBOOK
945 _aРоссийская национальная библиотека
980 _aNB
980 _aBV